000 01792cam a22004097a 4500
003 CHAP
005 20220329141456.0
008 980305d1997 mx rs o00110 spa d
010 _a68758
011 _a69730
035 _a79208
040 _cCHAP
082 _a636.08
_bM48
110 1 _aMexico. Centro de Estadística Agropecuaria.
_975277
245 1 0 _aAnuario estadístico de producción pecuaria de los Estados Unidos Mexicanos
_c/por Centro de Estadística Agropecuaria
260 _aMéxico, D. F. :
_bCentro de Estadística Agropecuaria,
_c1997.
300 _av. :
_bmapas ; cuadros
500 _ac. de : México. Dirección General de Economía Agrícola. Estadísticas del subsector pecuario....
500 _aLa biblioteca tiene :1995, 1996, 1997
590 _aBATCH-UPD
_b10
_c20130110
_lUCH01
_h0410
590 _aBATCH-UPD
_b10
_c20130410
_lUCH01
_h0044
590 _aBATCH-UPD
_b10
_c20130914
_lUCH01
_h1501
590 _aCONVERSION
_b10
_c20130109
_lUCH01
_h1338
650 1 4 _aGanadería
_xEstadísticas
_zMéxico.
_944716
650 1 4 _aGanado
_xEstadísticas.
_944913
650 1 4 _aProductos animales
_xEstadísticas
_xMéxico.
_992042
650 1 4 _aProductos pecuarios
_xEstadísticas.
_992167
901 _aBK
905 _aLilia Sánchez G.
942 _cLIBRO
949 _a636.08 M48
_bBC
_cC
_d33724000591020
_eC
_f1996
_h92948
_i79208
_sb
949 _a636.08 M48
_bBC
_cC
_d33724000708715
_eC
_f1997
_h94501
_i79208
_sb
949 _a636.08 M48
_bBC
_cC
_d33724000800736
_eC
_f1997 c.2
_h99035
_i79208
_kDonaciØn
_sb
949 _a636.08 M48
_bBC
_cC
_d33724000800793
_eC
_f1995
_h99029
_i79208
_kDonaciØn
_si
949 _a636.08 M48
_bBC
_cC
_d33724000845327
_eC
_f1996 c.2
_gDonaciØn
_h101521
_i79208
_sb
949 _a636.08 M48
_bBC
_cC
_d33724000847943
_eC
_f1995 c.2
_gDonaciØn
_h101781
_i79208
_sb
999 _c68758
_d68758